000 00317 a2200157 4500
001 190761
020 _a85-7340-379-9
040 _cMagnum
100 _aQueiroz, Rachel de
240 1 0 _aAndira
_lpor
245 1 0 _aAndira
300 _a43
362 0 _a2004
697 _aLITERATURA INFANTO-JUVENIL
942 _cBK
999 _c190761
_d190761